000 00717nam a22002417a 4500
001 BR9404458
003 BR-BrBNA
005 20230928094239.0
007 ta
008 230509b bl.||||| |||| 00| 0 por d
040 _aBR-BrBNA
_bpor
_cBiblioteca Nacional de Agricultura
041 _a(Por)
072 _aK10
090 _ K10 BR9404458
110 1 _aInstituto Brasileiro de Desenvolvimento Florestal, Brasilia, DF (Brasil)
_95727
245 1 _aInventario florestal continuo dos reflorestamentos incentivados no pais
260 3 _aBrasilia, DF (Brasil):
_c[nd].
300 _a[vp]
650 _aPolitica Florestal
650 _aInventario Florestal
909 _a202309
_bLucia
_c55
_dLucia Elande
942 _cBK
999 _c49641
_d49641